[Event "Mistrzostwa Polski Mlodzikow do lat 10 - Chlopcy"]
[Site "Karpacz"]
[Date "1899-12-30"]
[Round "5.12"]
[White "Malinowski, Szymon"]
[Black "Seemann, Jakub"]
[Result "1-0"]
[WhiteTitle "II+"]
[BlackTitle "II+"]
[WhiteElo "1360"]
[BlackElo "1395"]

1. d4 Nf6 2. Nf3 c5 3. c3 e6 4. Bg5 Nc6 5. e3 a6 6. Nbd2 d5 7. Bd3 c4 8. Bc2 Bd6
9. Qe2 h6 10. Bh4 g5 11. Bg3 Bxg3 12. hxg3 Qb6 13. Rb1 g4 14. Nh4 Bd7 15. e4 O-O-O
16. e5 Nh7 17. Qxg4 Rdg8 18. Qf4 Ng5 19. Qe3 Qd8 20. b4 f5 21. a4 b5 22. Ke2 Qe8
23. Ra1 Kb7 24. a5 Nf7 25. Rag1 h5 26. Nhf3 Nh6 27. Nf1 Ng4 28. Qd2 Ne7 29. Ne3
Ng6 30. Nxg4 hxg4 31. Ne1 Ne7 32. Rxh8 Rxh8 33. Qf4 Rh5 34. f3 Qg8 35. fxg4 Qxg4+
36. Qxg4 fxg4 37. Rf1 Nf5 38. Bxf5 Rxf5 39. Rxf5 exf5 40. Ke3 Kc7 41. Kf4 Kd8
42. Nc2 Ke7 43. Ne3 Be6 44. Nxf5+ Kf7 45. Kg5 Bc8 46. Nd6+ Ke7 47. Nxc8+ Kf7 48.
Nd6+ Kg7 49. Kf5 Kf8 50. Kf6 Kg8 51. e6 Kh7 52. e7 Kh6 53. e8=Q Kh7 54. Qg6+ Kh8
55. Nf7# 1-0

[Event "Mistrzostwa Polski Mlodzikow do lat 10 - Chlopcy"]
[Site "Karpacz"]
[Date "1899-12-30"]
[Round "5.13"]
[White "Filipiak, Adam"]
[Black "Meers, Hubert"]
[Result "0-1"]
[WhiteTitle "III"]
[BlackTitle "I"]
[WhiteElo "1160"]
[BlackElo "1555"]

1. d4 Nf6 2. e3 d5 3. f4 Bf5 4. Bd3 e6 5. Nf3 Bd6 6. O-O O-O 7. Ne5 c5 8. c3 Nbd7
9. Bxf5 exf5 10. Qd3 g6 11. Nd2 c4 12. Qc2 b5 13. a3 Qb6 14. b3 a5 15. bxc4 bxc4
16. Rb1 Qc7 17. Ndf3 Ne4 18. a4 Rab8 19. Bd2 Nb6 20. Rb5 f6 21. Nxg6 hxg6 22.
Rxa5 Ra8 23. Rb5 Qc6 24. Rfb1 Nxa4 25. Rb7 Bc7 26. Nh4 Nb6 27. Nxg6 Qxb7 28. Nxf8
Rxf8 29. Qd1 Bd8 30. Qh5 Nxd2 31. Rxb6 Bxb6 32. Qg6+ Qg7 0-1

[Event "Mistrzostwa Polski Mlodzikow do lat 10 - Chlopcy"]
[Site "Karpacz"]
[Date "1899-12-30"]
[Round "5.14"]
[White "Jendrowiak, Maciej"]
[Black "Adamala, Jacek"]
[Result "0-1"]
[WhiteTitle "III"]
[BlackTitle "II"]
[WhiteElo "1143"]
[BlackElo "1360"]

1. d4 Nf6 2. Nf3 c5 3. d5 d6 4. Nc3 g6 5. e4 Bg7 6. Be2 O-O 7. O-O a6 8. a4 e6
9. Nd2 exd5 10. exd5 Bf5 11. Bd3 Bxd3 12. cxd3 Nbd7 13. f4 Nb6 14. Qb3 a5 15.
f5 Ra6 16. Nc4 Nfxd5 17. Nxd5 Nxd5 18. Qxb7 Nc7 19. Bd2 gxf5 20. Bxa5 Bd4+ 21.
Kh1 Qd7 22. Qxc7 Qxc7 23. Bxc7 d5 24. Nd2 Bxb2 25. Ra2 Bc3 26. Bf4 Rfa8 27. h3
Rxa4 28. Rxa4 Rxa4 29. Bh6 Rd4 30. Re1 f6 31. Re2 Rxd3 32. Re3 Rxe3 33. Bxe3 d4
34. Nb1 Ba5 35. Bd2 Bxd2 36. Nxd2 Kf7 37. Kg1 Ke6 38. Kf2 Kd5 39. Ke2 c4 40. Nf3
f4 41. Ne1 Ke4 42. Kd2 f5 43. Nf3 c3+ 44. Kc2 Ke3 45. Ng5 d3+ 46. Kxc3 d2 47.
Nxh7 d1=Q 48. Nf6 Qc1+ 49. Kb3 Kd3 50. h4 Qc4+ 51. Kb2 Qc3+ 52. Kb1 Qb3+ 53. Ka1
Kc2 54. h5 Qb2# 0-1

[Event "Mistrzostwa Polski Mlodzikow do lat 10 - Chlopcy"]
[Site "Karpacz"]
[Date "1899-12-30"]
[Round "5.15"]
[White "Trzebinski, Patryk"]
[Black "Klisowski, Bartosz"]
[Result "1/2-1/2"]
[WhiteTitle "II"]
[BlackTitle "II"]
[WhiteElo "1293"]
[BlackElo "1166"]

1. e4 c5 2. Nf3 d6 3. d4 cxd4 4. Qxd4 Nc6 5. Bb5 Bd7 6. Bxc6 Bxc6 7. Nc3 Nf6 8.
Bg5 a6 9. O-O h6 10. Be3 g6 11. Rfe1 Bg7 12. Nd5 Bxd5 13. exd5 O-O 14. Qd2 Kh7
15. c4 Rc8 16. Rac1 Ne4 17. Qc2 f5 18. Nd4 Bxd4 19. Bxd4 b5 20. b3 bxc4 21. bxc4
Rf7 22. f3 Nf6 23. Qe2 Qd7 24. Qb2 Qc7 25. Qe2 Qd7 26. Rc3 Rc7 27. Ra3 Qc8 28.
Rc3 Nxd5 29. cxd5 Rxc3 30. Bxc3 Qxc3 31. Qe3 Qxe3+ 32. Rxe3 Kg7 33. Ra3 Kf6 34.
Rxa6 Ke5 35. Ra5 Rf8 36. a4 Rc8 37. Ra7 e6 38. dxe6 Kxe6 39. a5 d5 40. a6 Rc2
41. Rg7 Kf6 42. Rd7 Ke5 43. a7 Ra2 44. Rg7 g5 45. Rh7 d4 46. Rd7 g4 47. fxg4 fxg4
48. Re7+ Kd6 49. Rh7 Kc5 50. Rc7+ Kb4 51. Kf1 d3 52. Ke1 Kb3 53. Kd1 Kb4 1/2-1/2

[Event "Mistrzostwa Polski Mlodzikow do lat 10 - Chlopcy"]
[Site "Karpacz"]
[Date "1899-12-30"]
[Round "5.16"]
[White "Turowski, Maciej"]
[Black "Kubaszewski, Piotr"]
[Result "0-1"]
[WhiteTitle "III"]
[BlackTitle "II"]
[WhiteElo "1259"]
[BlackElo "1180"]

1. d4 d5 2. c4 e6 3. Nc3 Nf6 4. Bg5 Be7 5. e3 O-O 6. Nf3 c6 7. cxd5 exd5 8. Bd3
Qb6 9. Qc2 g6 10. O-O Re8 11. a3 Be6 12. Na4 Qc7 13. Nc5 Bxc5 14. Qxc5 Nbd7 15.
Qc2 Bg4 16. Nd2 Qd6 17. f3 Be6 18. Qc3 Rac8 19. e4 Qf8 20. Kh1 c5 21. Rfe1 c4
22. Bf1 h6 23. Bh4 Qg7 24. e5 Nh7 25. b3 cxb3 26. Qxb3 Rb8 27. Qa4 a6 28. Rec1
g5 29. Bg3 Qf8 30. Bd3 Qe7 31. Rab1 Qd8 32. h3 Nhf8 33. Nb3 Nb6 34. Qb4 Nfd7 35.
Nc5 Qe7 36. Nxd7 Nxd7 37. Qxe7 Rxe7 38. Rc7 b5 39. Ra7 Rb6 40. a4 Re8 41. axb5
axb5 0-1

[Event "Mistrzostwa Polski Mlodzikow do lat 10 - Chlopcy"]
[Site "Karpacz"]
[Date "1899-12-30"]
[Round "5.17"]
[White "Podlewski, Szymon"]
[Black "Wolski, Michal"]
[Result "0-1"]
[WhiteTitle "II"]
[BlackTitle "II"]
[WhiteElo "1243"]
[BlackElo "1165"]

1. c4 Nf6 2. Nc3 c5 3. g3 g6 4. Bg2 Bg7 5. Nf3 Nc6 6. d3 O-O 7. O-O e6 8. Bg5 d5
9. cxd5 exd5 10. Nd2 Be6 11. e4 d4 12. Ne2 h6 13. Bxf6 Qxf6 14. f4 Qe7 15. a3
Rac8 16. f5 Bd7 17. Bh3 Ne5 18. Nf3 Nxf3+ 19. Rxf3 Rc7 20. Nf4 Rc6 21. Qb3 Rb6
22. Qa2 Qe8 23. Nxg6 Rxg6 24. fxg6 Bxh3 25. gxf7+ Rxf7 26. Rf2 Be6 27. Qb1 Rxf2
28. Kxf2 Qf7+ 29. Kg1 Bh3 30. Qc2 Qf3 31. Qc4+ Kh7 32. Qc2 h5 33. Re1 Bh6 34.
Qe2 Be3+ 0-1

[Event "Mistrzostwa Polski Mlodzikow do lat 10 - Chlopcy"]
[Site "Karpacz"]
[Date "1899-12-30"]
[Round "5.18"]
[White "Janeczko, Jakub"]
[Black "Jarocki, Gabriel"]
[Result "0-1"]
[WhiteTitle "II"]
[BlackTitle "II"]
[WhiteElo "1128"]
[BlackElo "1241"]

1. e4 c6 2. d4 d5 3. Nc3 Nf6 4. exd5 Nxd5 5. Bc4 e6 6. Nge2 Bd6 7. O-O O-O 8. Re1
Nd7 9. Bxd5 cxd5 10. Qd3 a6 11. Ng3 Nf6 12. Bd2 b5 13. b3 Bb7 14. Bg5 Rc8 15.
Nge2 h6 16. Bxf6 Qxf6 17. Rf1 Rc7 18. a4 b4 19. Na2 a5 20. Rac1 Rfc8 21. c3 Qe7
22. Rc2 Rc6 23. Rfc1 Qc7 24. Kh1 Ba6 25. Qe3 Bxe2 26. Qxe2 Bf4 27. Rd1 bxc3 28.
Rd3 Bd2 29. b4 axb4 30. Nxb4 Rc4 31. Na6 Qb6 32. Nc5 Qb1+ 0-1

[Event "Mistrzostwa Polski Mlodzikow do lat 10 - Chlopcy"]
[Site "Karpacz"]
[Date "1899-12-30"]
[Round "5.19"]
[White "Kozera, Dawid"]
[Black "Bartoszczuk, Adam"]
[Result "1-0"]
[WhiteTitle "II"]
[BlackTitle "III"]
[WhiteElo "1221"]
[BlackElo "1142"]

1. e4 e6 2. d4 b6 3. Bd3 Bb7 4. Nf3 d5 5. Qe2 Nf6 6. e5 Ne4 7. c3 Nd7 8. Nbd2 Nxd2
9. Bxd2 c5 10. O-O Rc8 11. Rac1 Be7 12. Ba6 Bxa6 13. Qxa6 Qc7 14. Qe2 Qb7 15.
Ng5 h6 16. Nf3 Rc7 17. Be3 Qc8 18. h3 O-O 19. Rc2 cxd4 20. Nxd4 Bc5 21. Nf3 Bxe3
22. Qxe3 Nc5 23. Nd4 Nd7 24. Nb5 Rc5 25. Nd4 a5 26. Re2 b5 27. a3 Nb6 28. Nb3
Rc7 29. Qxb6 1-0

[Event "Mistrzostwa Polski Mlodzikow do lat 10 - Chlopcy"]
[Site "Karpacz"]
[Date "1899-12-30"]
[Round "5.20"]
[White "Jurewicz, Igor"]
[Black "Kusiak, Mateusz"]
[Result "0-1"]
[WhiteTitle "III"]
[BlackTitle "II"]
[WhiteElo "1104"]
[BlackElo "1221"]

1. c4 e5 2. Nc3 Bb4 3. g3 Bxc3 4. bxc3 c6 5. Bg2 d5 6. cxd5 cxd5 7. Qa4+ Nc6 8.
e4 Nge7 9. Ba3 dxe4 10. Bxe4 Bd7 11. Qc2 Rc8 12. Qb1 f5 13. Bg2 Qa5 14. Bd6 O-O
15. Ne2 b5 16. O-O Rfd8 17. Qb3+ Kh8 18. f4 e4 19. Rfd1 Qb6+ 20. Kh1 Na5 21. Qa3
Nc4 22. Qb4 Qxd6 23. Qxd6 Nxd6 24. d3 Bc6 25. Nd4 a6 26. Ne6 Rd7 27. Nc5 Ra7 28.
d4 Nc4 29. Ne6 Ne3 30. Rdc1 Nxg2 31. Kxg2 Nd5 32. c4 bxc4 33. Rxc4 Ne3+ 0-1

[Event "Mistrzostwa Polski Mlodzikow do lat 10 - Chlopcy"]
[Site "Karpacz"]
[Date "1899-12-30"]
[Round "5.21"]
[White "Leski, Franciszek"]
[Black "Zalega, Maciej"]
[Result "0-1"]
[WhiteTitle "III"]
[BlackTitle "II"]
[WhiteElo "1071"]
[BlackElo "1215"]

1. e4 d5 2. exd5 Nf6 3. d4 Nxd5 4. Nf3 g6 5. c4 Nf6 6. Nc3 Bg7 7. Be3 O-O 8. Be2
Bf5 9. O-O Ng4 10. h3 Nxe3 11. fxe3 Nc6 12. Qb3 b6 13. d5 Na5 14. Qa3 c5 15. Rad1
Qc7 16. Nb5 Qd7 17. b4 a6 18. bxa5 axb5 19. cxb5 Rxa5 20. Qb3 Rfa8 21. Rd2 Bh6
22. Rdd1 Ra3 23. Qc4 R8a4 24. Ne5 Qd6 25. Qxa4 Rxa4 26. Nc4 Qb8 0-1

[Event "Mistrzostwa Polski Mlodzikow do lat 10 - Chlopcy"]
[Site "Karpacz"]
[Date "1899-12-30"]
[Round "5.22"]
[White "Jaskiewicz, Kacper"]
[Black "Karp, Kacper"]
[Result "1-0"]
[WhiteTitle "II"]
[BlackTitle "II"]
[WhiteElo "1213"]
[BlackElo "1078"]

1. e4 c5 2. Nf3 g6 3. d4 cxd4 4. Qxd4 Nf6 5. e5 Nc6 6. Qc3 Nd5 7. Qb3 Nb6 8. Bc4
Nxc4 9. Qxc4 Bg7 10. Bf4 O-O 11. Nc3 Qa5 12. Qb5 Qxb5 13. Nxb5 a6 14. Nc3 b5 15.
O-O Bb7 16. Rac1 h6 17. Rfd1 Rfd8 18. Nd5 g5 19. Bg3 f5 20. exf6 exf6 21. Nb6
Ra7 22. Rxd7 Rxd7 23. Nxd7 f5 24. Be5 Nxe5 25. Nfxe5 Bc8 26. Rd1 Rc7 27. c3 Bxd7
28. Nxd7 Kf7 29. Nb6 Re7 30. Rd7 Rxd7 31. Nxd7 Ke7 32. Nb8 a5 33. Nc6+ Kd6 34.
Nxa5 Kc5 35. Nb7+ Kc6 36. Na5+ Kc5 37. a3 Kd5 38. Kf1 Ke4 39. Ke2 Be5 40. g3 g4
41. Nc6 Kd5 42. Nxe5 Kxe5 43. Ke3 h5 44. b3 Ke6 45. Kd4 Kd6 46. a4 bxa4 47. bxa4
Kc6 48. c4 Kd6 49. a5 Kc6 50. Ke5 Kc5 51. Kxf5 Kxc4 52. a6 Kb5 53. a7 Kb6 54.
a8=Q Kc5 55. Qd8 Kc4 56. Ke4 Kc5 57. Qc7+ Kb4 58. Kd4 Kb5 59. Qb7+ Ka4 60. Kc4
1-0

[Event "Mistrzostwa Polski Mlodzikow do lat 10 - Chlopcy"]
[Site "Karpacz"]
[Date "1899-12-30"]
[Round "5.24"]
[White "Zieba, Hubert"]
[Black "Skrzypinski, Jan"]
[Result "0-1"]
[WhiteTitle "II"]
[BlackTitle "II"]
[WhiteElo "1171"]
[BlackElo "1088"]

1. c4 Nf6 2. Nc3 e6 3. d4 Bb4 4. Nf3 d5 5. e3 O-O 6. a3 Bxc3+ 7. bxc3 b6 8. cxd5
Nxd5 9. c4 Nf6 10. Be2 Nbd7 11. O-O c5 12. Bd2 Bb7 13. Rb1 Qc7 14. Qc2 Be4 15.
Bd3 Bxf3 16. gxf3 cxd4 17. exd4 Rfd8 18. Kg2 Rac8 19. Rg1 e5 20. dxe5 Nxe5 21.
Bf4 Qe7 22. Bxe5 Qxe5 23. Rge1 Qd4 24. Rbd1 Qh4 25. Bf5 Rxd1 26. Rxd1 Re8 27.
Qd3 Nh5 28. Qd4 Nf4+ 29. Kh1 Qg5 30. Bg4 h5 31. Qd7 Re2 32. Qc8+ Kh7 33. Qf5+
Qxf5 34. Bxf5+ g6 35. Bc8 Rxf2 36. Bb7 Ra2 37. h4 Rxa3 38. Rd7 Kg7 39. Kh2 Rd3
40. Re7 Kf6 41. Re8 Ne6 42. Ra8 Ra3 43. Rc8 g5 44. hxg5+ Nxg5 45. Kg3 Kg6 46.
Kf4 Ne6+ 47. Kg3 f5 48. Rc6 Re3 49. Bc8 Kf7 50. Rd6 Ng7 51. Kf4 Re7 52. Bxf5 Nxf5
53. Kxf5 Rc7 54. Rd4 Rc5+ 55. Kf4 Ke6 56. Kg3 Ke5 57. Rh4 Kf6 58. Rh1 Kg6 59.
Rh4 a5 60. Rd4 Rc6 61. Kh3 a4 62. c5 b5 63. Kg2 Rxc5 64. Kf2 Kf6 65. Ke2 Rc4 66.
Rd5 b4 67. Rxh5 Rc2+ 68. Kd1 b3 69. Ra5 Rc4 70. Kd2 b2 71. Rb5 a3 72. Kd3 Rc1
73. Rb6+ Kf5 0-1

[Event "Mistrzostwa Polski Mlodzikow do lat 10 - Chlopcy"]
[Site "Karpacz"]
[Date "1899-12-30"]
[Round "5.25"]
[White "Wierzbicki, Dawid"]
[Black "Musial, Igor"]
[Result "1-0"]
[WhiteTitle "II"]
[BlackTitle "II"]
[WhiteElo "1441"]
[BlackElo "1258"]

1. e4 c5 2. Nc3 Nc6 3. g3 g6 4. Bg2 Bg7 5. d3 d6 6. Be3 e5 7. Qd2 Nge7 8. Nd1 Bd7
9. c3 Qc7 10. Ne2 b5 11. Bh6 Bxh6 12. Qxh6 O-O-O 13. Qd2 Kb8 14. b4 Qb6 15. Rb1
cxb4 16. cxb4 Nd4 17. Nxd4 Qxd4 18. h4 Rc8 19. O-O Rc7 20. Qg5 Be6 21. Qd2 Rhc8
22. Rb2 d5 23. Ne3 dxe4 24. Bxe4 f5 25. Bg2 Rc3 26. Rd1 R3c7 27. Kh1 Nd5 28. Nxd5
Bxd5 29. Bxd5 Qxd5+ 30. Kg1 Rd7 31. Kh2 Rcd8 32. Rb3 Kb7 33. Qe3 e4 34. Ra3 Qd4
35. dxe4 Qxe3 36. Rxd7+ Rxd7 37. Rxe3 Rd2 38. Kg2 Rxa2 39. exf5 Rb2 40. f6 1-0

[Event "Mistrzostwa Polski Mlodzikow do lat 10 - Chlopcy"]
[Site "Karpacz"]
[Date "1899-12-30"]
[Round "5.26"]
[White "Pancewicz, Szymon"]
[Black "Labedzki, Kamil"]
[Result "1-0"]
[WhiteTitle "II"]
[BlackTitle "II"]
[WhiteElo "1421"]
[BlackElo "1131"]

1. e4 e5 2. Nf3 Nc6 3. Bc4 Bc5 4. c3 Nf6 5. d4 exd4 6. e5 Qe7 7. O-O Ne4 8. Re1
Nxf2 9. Kxf2 dxc3+ 10. Kf1 cxb2 11. Bxb2 O-O 12. Nc3 b6 13. Nd5 Qd8 14. Qc2 Na5
15. Bd3 Bb7 16. Bxh7+ Kh8 17. Be4 Nc6 18. g3 d6 19. exd6 Qxd6 20. Qc3 f6 21. a3
Ba6+ 22. Kg2 Rae8 23. Rad1 Re6 24. Nf4 Qxd1 25. Rxd1 Rxe4 26. Ng6+ Kh7 27. Nxf8+
Bxf8 28. Qc2 f5 29. Ng5+ Kg6 30. Nxe4 fxe4 31. Qxc6+ Bd6 32. Qxe4+ Kh6 33. Qe6+
g6 34. Qh3+ Kg5 35. Rd5+ 1-0

[Event "Mistrzostwa Polski Mlodzikow do lat 10 - Chlopcy"]
[Site "Karpacz"]
[Date "1899-12-30"]
[Round "5.27"]
[White "Wydmanski, Szymon"]
[Black "Iwaszkiewicz, Grzegorz"]
[Result "0-1"]
[WhiteTitle "II"]
[BlackTitle "II"]
[WhiteElo "1181"]
[BlackElo "1330"]

1. e4 d5 2. exd5 Qxd5 3. Nc3 Qa5 4. g3 Nf6 5. Bg2 c6 6. Nf3 Bf5 7. d3 e6 8. Bd2
Qc7 9. O-O Bd6 10. Bg5 Nbd7 11. Re1 h6 12. Bxf6 Nxf6 13. Ne4 Nxe4 14. dxe4 Bg4
15. h3 Bxf3 16. Qxf3 O-O 17. Rad1 Be5 18. b3 a5 19. Qd3 Rfd8 20. Qe3 a4 21. bxa4
Rxa4 22. Rxd8+ Qxd8 23. Qb3 Qa8 24. Rd1 Rxa2 25. Rd7 Rb2 26. Qd3 Qa7 27. Qf3 Rxc2
28. Qxf7+ Kh7 29. Rxb7 Qc5 30. Qf3 Rxf2 31. Qxf2 Bd4 32. Qxd4 Qxd4+ 33. Kh2 c5
34. Rc7 c4 35. Bf1 c3 0-1

[Event "Mistrzostwa Polski Mlodzikow do lat 10 - Chlopcy"]
[Site "Karpacz"]
[Date "1899-12-30"]
[Round "5.28"]
[White "Rog, Bartlomiej"]
[Black "Bartodziej, Bartosz"]
[Result "1-0"]
[WhiteTitle "III"]
[BlackTitle "II"]
[WhiteElo "1167"]
[BlackElo "1263"]

1. d4 d5 2. c4 e6 3. Nc3 Nf6 4. Bg5 Nbd7 5. e3 c6 6. Nf3 Qa5 7. Bd3 Ne4 8. Qc2
Nxg5 9. Nxg5 dxc4 10. Bxc4 Qxg5 11. O-O Nf6 12. Rac1 Be7 13. Bd3 h5 14. Ne4 Nxe4
15. Bxe4 h4 16. Bxc6+ Kf8 17. Bf3 g6 18. Qb3 Rb8 19. Rc2 h3 20. Rfc1 Kg7 21. g3
b6 22. Rc7 Bf6 23. Rxa7 Bxd4 24. Rcc7 Be5 25. Rxf7+ Kh6 26. Be4 Bd4 27. Qc2 Bc5
28. b4 Bd6 29. Rg7 Qe5 30. Rxg6+ Kh5 31. Bf3# 1-0

[Event "Mistrzostwa Polski Mlodzikow do lat 10 - Chlopcy"]
[Site "Karpacz"]
[Date "1899-12-30"]
[Round "5.29"]
[White "Ratajczak, Marcin"]
[Black "Raclawicki, Tymoteusz"]
[Result "0-1"]
[WhiteTitle "III"]
[BlackTitle "III"]
[WhiteElo "1122"]
[BlackElo "1229"]

1. e4 c5 2. Nf3 Nc6 3. d4 cxd4 4. Nxd4 g6 5. Be3 Bg7 6. Bc4 Nf6 7. Nc3 O-O 8. Qd2
Ng4 9. Nxc6 dxc6 10. O-O-O Qxd2+ 11. Rxd2 Nxe3 12. fxe3 Bxc3 13. bxc3 Kg7 14.
h4 Kf6 15. Rf1+ Kg7 16. Rfd1 Bg4 17. Rf1 b5 18. Bb3 c5 19. c4 b4 20. Rf4 Be6 21.
g3 a5 22. e5 a4 23. Kb2 axb3 24. cxb3 Ra3 25. Kb1 Rfa8 26. Re2 Bf5+ 27. e4 Be6
28. Rb2 Rd8 29. Rf1 Rd3 30. Rg1 Re3 31. g4 Rxe4 32. Rbg2 Rxe5 33. h5 Rg5 34. Rg3
Bxc4 35. h6+ Kxh6 36. bxc4 Rxg3 37. Rxg3 Kg7 38. Kb2 h5 39. Re3 Rxg4 40. Rxe7
Rxc4 41. Kb3 Rf4 42. a4 bxa3 43. Kxa3 h4 44. Rc7 h3 45. Rxc5 h2 46. Rc1 g5 47.
Rh1 Rf2 48. Kb3 g4 49. Kc3 g3 50. Kd3 g2 51. Rxh2 g1=Q 52. Rxf2 Qxf2 53. Ke4 Qg3
54. Kf5 Qf3+ 55. Kg5 f6+ 56. Kh4 Qg2 57. Kh5 Qg5# 0-1

[Event "Mistrzostwa Polski Mlodzikow do lat 10 - Chlopcy"]
[Site "Karpacz"]
[Date "1899-12-30"]
[Round "5.30"]
[White "Baszczynski, Gabriel"]
[Black "Michno, Mateusz"]
[Result "1-0"]
[WhiteTitle "III"]
[BlackTitle "III"]
[WhiteElo "1059"]
[BlackElo "1213"]

1. e4 e5 2. Nf3 Nc6 3. d4 d6 4. dxe5 dxe5 5. Qxd8+ Nxd8 6. Nxe5 Bd6 7. Bf4 Nc6
8. Nd3 Bxf4 9. Nxf4 Nf6 10. Nc3 Bd7 11. Bc4 Rf8 12. O-O O-O-O 13. Rad1 Ne5 14.
Bb3 Bc6 15. f3 Bd7 16. Nd3 Nxd3 17. Rxd3 h6 18. Rfd1 Rde8 19. Nd5 Nxd5 20. Bxd5
Be6 21. Bxe6+ Rxe6 22. Kf2 b6 23. c4 Rc6 24. b3 Re8 25. Rd7 Rf6 26. R1d4 h5 27.
R7d5 g6 28. Kg3 Kb7 29. Rd8 Re7 30. R4d7 Rxd7 31. Rxd7 Kc6 32. Rd8 Re6 33. Rf8
Re7 34. e5 Kd7 35. Kf4 Ke6 36. g4 hxg4 37. fxg4 Rd7 38. Re8+ Re7 39. Rxe7+ Kxe7
40. h4 Kf8 41. Kg5 Kg7 42. h5 gxh5 43. gxh5 c5 44. h6+ Kg8 45. Kf6 a6 46. h7+
Kxh7 47. Kxf7 Kh6 48. e6 1-0

[Event "Mistrzostwa Polski Mlodzikow do lat 10 - Chlopcy"]
[Site "Karpacz"]
[Date "1899-12-30"]
[Round "5.31"]
[White "Sowinski, Pawel"]
[Black "Pawlowski, Kamil"]
[Result "1/2-1/2"]
[WhiteTitle "III"]
[BlackTitle "III"]
[WhiteElo "1192"]
[BlackElo "1060"]

1. e4 e5 2. Nf3 Nc6 3. Bc4 Bc5 4. O-O Nf6 5. d3 d6 6. h3 Be6 7. Nbd2 O-O 8. Bxe6
fxe6 9. c4 d5 10. Re1 d4 11. Nb3 Be7 12. Ng5 Qd7 13. Nf3 a5 14. Bd2 a4 15. Nc1
Bd6 16. Ne2 Nb4 17. Bxb4 Bxb4 18. Rf1 Bd6 19. Rc1 b6 20. a3 Ra5 21. Qd2 Rc5 22.
Nh2 b5 23. cxb5 Rxb5 24. Rc4 Rfb8 25. Rc2 Qc8 26. f4 Qb7 27. fxe5 Bxe5 28. Nf3
Nd7 29. Nxe5 Nxe5 30. Nxd4 Rxb2 31. Rxb2 Qxb2 32. Qxb2 Rxb2 33. Nxe6 Rb8 34. d4
Nc4 35. Nc5 Ra8 36. Ra1 Ne3 37. Kf2 Nc2 38. Ra2 Nxd4 39. Ke3 Nb3 40. Rc2 Kf7 41.
Rc4 Nxc5 42. Rxc5 Ra7 43. g4 Rb7 44. Kd4 Ke6 45. Ra5 Rb3 46. Rxa4 Rxh3 47. Ra6+
Kd7 48. Ke5 h5 49. gxh5 Rxh5+ 50. Kd4 c5+ 51. Kc4 g5 52. Kxc5 g4+ 53. Kd4 Rg5
54. Rb6 g3 55. Rb1 Ra5 56. Ra1 Ra4+ 57. Ke3 g2 58. Kf2 Rxe4 59. Kxg2 Ra4 60. Kf2
Re4 61. Rc1 Re8 62. a4 Ra8 63. Rc4 Kd6 64. Ke3 Kd5 65. Kd3 Ra7 66. Kc3 Ra8 67.
Rb4 Kc5 68. Rb5+ Kc6 69. Kb4 Ra7 70. Rc5+ Kb7 71. a5 Ka8 72. Rc6 Rb7+ 73. Rb6
Rxb6+ 74. axb6 Kb7 75. Kb5 Kb8 76. Kc5 Kb7 77. Kb5 Kb8 78. Kc6 Kc8 79. Kd6 Kb7
80. Kc5 Kb8 81. Kc6 Kc8 1/2-1/2

[Event "Mistrzostwa Polski Mlodzikow do lat 10 - Chlopcy"]
[Site "Karpacz"]
[Date "1899-12-30"]
[Round "5.32"]
[White "Maciejek, Marcel"]
[Black "Wielgus, Wojciech"]
[Result "0-1"]
[WhiteTitle "II"]
[BlackTitle "II"]
[WhiteElo "1104"]
[BlackElo "1440"]

1. e4 e5 2. Nf3 Nc6 3. Bc4 Nf6 4. d3 Bc5 5. O-O a6 6. c3 Ba7 7. Bb3 d6 8. h3 h6
9. Nbd2 O-O 10. Re1 Be6 11. Bc2 Re8 12. Nf1 d5 13. Qe2 dxe4 14. dxe4 Qe7 15. Ng3
Rad8 16. Nh4 Nh7 17. Nhf5 Bxf5 18. Nxf5 Qf6 19. Qg4 Kh8 20. Qg3 Ne7 21. Nh4 Rd6
22. b3 Red8 23. Ba3 Rd2 24. Bxe7 Qxe7 25. Qg4 Bxf2+ 26. Kh1 Qxh4 27. Qxh4 Bxh4
28. Rec1 Bg3 29. b4 Kg8 30. Bb3 Kf8 31. Rf1 f6 32. Rf3 R8d3 33. Rff1 Bf2 34. c4
Ba7 35. c5 Ng5 36. h4 Nf7 37. Rac1 c6 38. Bc4 Rd4 39. Rfe1 Ke7 40. Bb3 Nh8 41.
Rc3 R4d3 42. Rcc1 Ng6 43. Rg1 Nxh4 44. Rcd1 Rxd1 45. Bxd1 Ng6 46. Bb3 Nf8 0-1

[Event "Mistrzostwa Polski Mlodzikow do lat 10 - Chlopcy"]
[Site "Karpacz"]
[Date "1899-12-30"]
[Round "5.33"]
[White "Stanik, Szymon"]
[Black "Sokolowski, Hubert"]
[Result "1/2-1/2"]
[WhiteTitle "II"]
[BlackTitle "III"]
[WhiteElo "1053"]
[BlackElo "1057"]

1. e4 c5 2. c4 d6 3. g3 Nf6 4. Bg2 e5 5. Ne2 Be7 6. O-O Be6 7. b3 O-O 8. Bb2 Nc6
9. d3 a6 10. Nbc3 h6 11. h3 Qd7 12. Kh2 Rab8 13. Nd5 Bxd5 14. exd5 Nd4 15. Bxd4
cxd4 16. a4 b6 17. f4 Rfe8 18. Qd2 Bd8 19. Rfe1 a5 20. Rac1 Be7 21. Rf1 Rec8 22.
g4 Nh7 23. f5 Bg5 24. Qd1 Bxc1 25. Qxc1 f6 26. Ng3 Qf7 27. Ne4 Qe7 28. Qa3 Rd8
29. Rb1 Ng5 30. b4 Nxe4 31. Bxe4 axb4 32. Rxb4 Qc7 33. Qb3 Kf8 34. Kg3 Kf7 35.
h4 Rh8 36. h5 Rhf8 37. Kh4 Ke7 38. Kg3 Kf7 39. Kh4 Ke7 40. Kg3 Kf7 41. Kh4 Ke7
1/2-1/2

[Event "Mistrzostwa Polski Mlodzikow do lat 10 - Chlopcy"]
[Site "Karpacz"]
[Date "1899-12-30"]
[Round "6.1"]
[White "Fiszer, Bartosz"]
[Black "Karwacki, Piotr"]
[Result "1-0"]
[WhiteTitle "CM"]
[BlackTitle "II+"]
[WhiteElo "1651"]
[BlackElo "1536"]

1. e4 c5 2. Nf3 Nc6 3. d4 cxd4 4. Nxd4 e5 5. Nb5 a6 6. Nd6+ Bxd6 7. Qxd6 Qf6 8.
Qd1 Qg6 9. Nc3 d5 10. Nxd5 Qxe4+ 11. Be3 Nd4 12. Nc7+ Ke7 13. Rc1 Bg4 14. Qd3
Qxd3 15. Bxd3 Rd8 16. f3 Bc8 17. f4 exf4 18. Bxf4 Ne6 19. Bg3 Nxc7 20. Bxc7 Re8
21. O-O Be6 22. c4 Kd7 23. Bg3 Ne7 24. b4 Rc8 25. Rfd1 Ke8 26. a4 Nf5 27. Bxf5
Bxf5 28. Re1+ Be6 29. c5 Ke7 30. b5 axb5 31. axb5 Rhd8 32. c6 bxc6 33. bxc6 Kf6
34. c7 Rd2 35. Rb1 Ra2 36. Rb8 Ra8 37. Rd1 Kg6 38. Rd8 Bf5 39. Rxa8 1-0

[Event "Mistrzostwa Polski Mlodzikow do lat 10 - Chlopcy"]
[Site "Karpacz"]
[Date "1899-12-30"]
[Round "6.2"]
[White "Klimkowski, Jan"]
[Black "Dziewonski, Dariusz"]
[Result "1/2-1/2"]
[WhiteTitle "II"]
[BlackTitle "II+"]
[WhiteElo "1492"]
[BlackElo "1476"]

1. e4 c5 2. Nf3 e6 3. d4 cxd4 4. Nxd4 a6 5. Bd3 Nf6 6. O-O Qc7 7. Qe2 d6 8. c4
g6 9. Nc3 Bg7 10. Be3 Nbd7 11. Rad1 b6 12. f3 Bb7 13. f4 O-O 14. b4 Rfe8 15. Nb3
Rac8 16. Rc1 Qb8 17. a4 Qa8 18. Nd2 Red8 19. h3 a5 20. Nb5 Bf8 21. bxa5 bxa5 22.
Bd4 Be7 23. f5 e5 24. Bf2 Nc5 25. Bxc5 dxc5 26. Nc3 Rd4 27. Nf3 Bxe4 28. Nxe4
Rxe4 29. Bxe4 Qxe4 30. Qxe4 Nxe4 31. fxg6 fxg6 32. Nxe5 Bg5 33. Rcd1 Be3+ 34.
Kh2 Bd4 35. Nf3 Nc3 36. Nxd4 Nxd1 37. Rxd1 cxd4 38. Rxd4 Kf7 39. Rd5 Rxc4 40.
Rxa5 Rc3 41. Ra6 Ra3 42. a5 h5 43. h4 Kg7 44. Ra7+ Kh6 45. a6 Ra4 46. g3 Ra2+
47. Kg1 g5 48. hxg5+ Kxg5 49. Ra8 Kg6 50. a7 Kh7 51. Kf1 Kg7 52. Ke1 Kh7 53. Kd1
Kg7 54. Kc1 Kh7 55. Kb1 Ra4 56. Kb2 Ra5 57. Kc3 Ra1 58. Kd3 Ra4 59. Ke3 Kg7 60.
Kf3 Kh7 1/2-1/2

[Event "Mistrzostwa Polski Mlodzikow do lat 10 - Chlopcy"]
[Site "Karpacz"]
[Date "1899-12-30"]
[Round "6.3"]
[White "Madej, Marek"]
[Black "Paszkowski, Krystian"]
[Result "1/2-1/2"]
[WhiteTitle "II+"]
[BlackTitle "II"]
[WhiteElo "1541"]
[BlackElo "1365"]

1. e4 c5 2. Nf3 d6 3. d4 cxd4 4. Nxd4 Nf6 5. f3 e5 6. Bb5+ Nbd7 7. Nf5 d5 8. exd5
a6 9. Ba4 b5 10. Bb3 Nc5 11. Ne3 Bd6 12. O-O O-O 13. c4 Qb6 14. Nc3 Nh5 15. Ne4
f5 16. Nxd6 Qxd6 17. Re1 Qb6 18. Bc2 f4 19. b4 bxc4 20. bxc5 Qxc5 21. Rb1 Nf6
22. Be4 Nxe4 23. fxe4 fxe3 24. Bxe3 Qa5 25. Bb6 Qxa2 26. Qh5 Rb8 27. Qxe5 Rxb6
28. Ra1 Qf2+ 29. Kh1 Rb2 30. Rg1 Qf6 31. Qc7 Qf7 32. Qxc4 Qe7 33. Rae1 Rb4 34.
Qc2 Re8 35. e5 Rb5 36. Qa2 Be6 37. dxe6 Qxe6 38. Qa4 Rxe5 39. Rxe5 Qxe5 40. Qxa6
Qe6 41. Qd3 Qe4 42. Qg3 Qe5 43. Qxe5 Rxe5 44. Rf1 1/2-1/2

[Event "Mistrzostwa Polski Mlodzikow do lat 10 - Chlopcy"]
[Site "Karpacz"]
[Date "1899-12-30"]
[Round "6.4"]
[White "Kejna, Piotr"]
[Black "Doskocz, Karol"]
[Result "1-0"]
[WhiteTitle "CM"]
[BlackTitle "II"]
[WhiteElo "1441"]
[BlackElo "1311"]

1. e4 c5 2. Nf3 d6 3. d4 cxd4 4. Nxd4 g6 5. Nc3 Bg7 6. Be3 Nf6 7. f3 O-O 8. Qd2
Nc6 9. O-O-O a6 10. g4 Nxd4 11. Bxd4 b5 12. h4 Qa5 13. Kb1 Be6 14. Nd5 Qd8 15.
Bxf6 Bxd5 16. Bxg7 Bxa2+ 17. Kxa2 Kxg7 18. h5 Qd7 19. Kb1 f5 20. hxg6 hxg6 21.
Qh6+ Kf6 22. g5+ Ke5 23. Rd5+ Kf4 24. Qh2+ Ke3 25. Rd3# 1-0